000 00976nam a2200229Ii 4500
003 JO-AjNU
008 230605s9999||||xx |||||||||||||| ||und||
017 _a2005/3/633
020 _a9957-16-090-7
040 _aJO-AjNU
_bara
_erda
_cJO-AjNU
041 _aara
050 1 4 _aKMM64.U3368.2005
100 3 _aالعبيدي ، علي هادي ,
_eauthor
_953002
245 0 0 _aشرح أحكام المالكين والمستأجرين في ضوء قضاء محكمة التمييز وفقا لأحدث التعديلات
250 _aط1
264 3 1 _aعمان : دار الثقافة ، 2005
300 _a199ص
_bيشتمل على ملاحق ص (177 - 192 )
336 _atext
_btxt
_2rdacontent
337 _aunmediated
_bn
_2rdamedia
338 _avolume
_bnc
_2rdacarrier
650 4 _aعقود الإيجار -- قوانين و أنظمة -- الأردن -- إيجار -- قوانين وأنظمة -- الأردن -- محكمة التمييز-- الأردن
_953003
999 _aA23512
_c27080
_d27080